00615nam a2200205Ia 4500003000400000005001700004008004100021020002900062040001700091082002200108100002400130245010500154250001400259260003300273300001600306650002100322650001800343700002300361700002500384IIN20240122161646.0231217s9999 xx 000 0 und d cRs.495.00a9780323036054 aIINbEnglish a611 bABR1 aAbrahams, Peter H. 1 aMcMinn's Clinical Atlas of Human AnatomycPeter H. Abrahams, Johannes M. Boon and Jonathan D. Spratt a.-6 th ed bMosby ElsevieraLondonc2008 axii, 386 p.1 aAnatomyvNursing1 aHuman Anatomy1 aBoon, Johannes M. 1 aSpratt, Jonathan D.